Los valores literarios
Guardat en:
| Autor principal: | |
|---|---|
| Format: | Llibre |
| Idioma: | espanyol |
| Publicat: |
Buenos Aires
Losada
1944
|
| Col·lecció: | Biblioteca contemporánea, 145
|
| Matèries: | |
| Etiquetes: |
Afegir etiqueta
Sense etiquetes, Sigues el primer a etiquetar aquest registre!
|
MARC
| LEADER | 00000nam a2200000 a 4500 | ||
|---|---|---|---|
| 001 | UCX3597 | ||
| 003 | CL-VaPUC | ||
| 005 | 20220315074427.0 | ||
| 008 | 911115e19440000AG |||||||||||||||||spa|d | ||
| 999 | |c 224314 |d 224312 | ||
| 040 | |c Pontificia Universidad Católica de Valparaíso | ||
| 082 | 0 | 4 | |a 860.9 |b AZO |2 21 |
| 100 | |a Azorín |e autor |q Martínez Ruiz, José |9 863023 | ||
| 245 | 1 | 4 | |a Los valores literarios |
| 260 | |a Buenos Aires |b Losada |c 1944 | ||
| 300 | |a 252 p | ||
| 490 | 0 | |a Biblioteca contemporánea, 145 | |
| 583 | |a last modification |c 19911115 00:00:00 |k Rodrigo Vera | ||
| 650 | 0 | |a Ensayos españoles |9 313128 | |
| 942 | |c BK |2 ddc | ||
| 945 | |d 19911115 00:00:00 |a oaravena | ||
| 952 | |0 0 |1 0 |4 0 |6 860_900000000000000_AZO_1944 |7 0 |8 A |9 220860 |a BIBEDU |b BIBEDU |d 2019-11-15 |i 2896036 |o 860.9 AZO 1944 |p 2896036 |r 2019-11-15 |w 2019-11-15 |y BK |k LIT | ||
| 952 | |0 0 |1 0 |4 0 |6 860_900000000000000_AZO_1944 |7 0 |8 A |9 220861 |a BIBEDU |b BIBEDU |d 2019-11-15 |i 3038157 |o 860.9 AZO 1944 |p 3038157 |r 2019-11-15 |w 2019-11-15 |y BK |k LIT | ||
| 952 | |0 0 |1 0 |4 0 |6 860_900000000000000_AZO_1944 |7 0 |8 A |9 220862 |a BIBEDU |b BIBEDU |d 2019-11-15 |i 3101509 |o 860.9 AZO 1944 |p 3101509 |r 2019-11-15 |w 2019-11-15 |y BK |k LIT | ||